| 000 | 01950nam0a2200397 4500 | ||
|---|---|---|---|
| 001 | RU\NLR\BIBL_A\012482788 | ||
| 005 | 20250624044931.0 | ||
| 010 |
_a978-5-9530-0538-8 _9135 |
||
| 021 |
_aRU _b2020-54950 _9КН-П-4095 |
||
| 035 | _a(RuMoRGB)010425820 | ||
| 035 | _a(NLR Aleph) 012482788 | ||
| 090 |
_a12139324 _c12139324 |
||
| 100 | _a20210323d2020 |||y0rusy50 ca | ||
| 101 | 0 | _aeng | |
| 102 | _aRU | ||
| 105 | _aac z 000zy | ||
| 181 | 0 |
_ai _baxxe |
|
| 182 | 0 | _an | |
| 200 | 1 |
_aVIII International Pontecorvo neutrino physics school, Sinaia, Romania, September 1-10, 2019 _eproceedings of Student poster session _fJoint institute for nuclear research _gedited by F. Šimkovic |
|
| 203 |
_aТекст _bвизуальный _cнепосредственный |
||
| 210 |
_aDubna _cJoint institute for nuclear research _d2020 |
||
| 215 |
_a173 с. _cил., цв. ил., портр. _d22 |
||
| 300 | _aВ вып. дан.: VIII Международная школа по физике нейтрино им. Б.М. Понтекорво: труды студенческой постерной сессии | ||
| 313 | _a7-школа 2018 г. | ||
| 320 | _aБиблиогр. в конце ст. | ||
| 517 | 1 |
_aVIII Международная школа по физике нейтрино им. Б.М. Понтекорво _eтруды студенческой постерной сессии |
|
| 541 | 1 |
_aVIII Международная школа по физике нейтрино им. Б. М. Понтекорво _zrus |
|
| 606 | 1 |
_aНейтрино _jСъезды, совещания и т.п _9991645 _3RU\NLR\AUTH\6656766 |
|
| 686 | 1 | _aВ382.41я431(0) | |
| 702 | 1 |
_aŠimkovic _bF. _gFedor _4340 |
|
| 710 | 1 | 2 |
_7ba _8eng _aInternational Pontecorvo neutrino physics school _d8 _eSinaia _f2019 _9745535 _3RU\NLR\AUTH\880540726 |
| 942 | _cBOOK | ||
| 980 | _aNB | ||